00350nam a2200133Ia 4500008004100000020001500041041001200056082001600068100002000084245006300104260002500167300000800192650001600200221030s9999 xx 000 0 und d a007462038X aEnglish a105.23bBal aE. Balagurusamy 0aObject - Oriented Programming With C++cby E. Balagurusamy bTMHaNew Delhic2000 a321 aBE Computer